Granty v rámci Programu rozvoja občianskej spoločnosti sa budú udeľovať od mája

Tri milióny ECU vyčlenené v rámci programu PHARE na rozvoj občianskej spoločnosti na Slovensku v r. 1998-1999. Suma sa bude prerozdeľovať prostredníctvom Nadácie pre podporu občianskych aktivít (NPOA). Pravidlá schvaľovania grantov. Rozdelenie projektov do troch základných skupín. Kultúra a demokrac...

Description complète

Enregistré dans:
Détails bibliographiques
Auteur principal: Čalfová, Jana
Format: Chapitre de livre
Langue:slovaque
Sujets:
Tags: Ajouter un tag
Pas de tags, Soyez le premier à ajouter un tag!

MARC

LEADER 00000naa a2200000 4500
001 r031392
005 20230921083225.0
041 0 |a slo 
044 |a SK 
245 1 0 |a Granty v rámci Programu rozvoja občianskej spoločnosti sa budú udeľovať od mája  |c Jana Čalfová 
520 |a Tri milióny ECU vyčlenené v rámci programu PHARE na rozvoj občianskej spoločnosti na Slovensku v r. 1998-1999. Suma sa bude prerozdeľovať prostredníctvom Nadácie pre podporu občianskych aktivít (NPOA). Pravidlá schvaľovania grantov. Rozdelenie projektov do troch základných skupín. Kultúra a demokracia - nové oblasti podpory. 
610 2 0 |a spoločnosť občianska 
610 2 0 |a granty 
610 2 0 |a podpory 
610 2 0 |a projekty 
610 2 0 |a kultúra 
610 2 0 |a demokracia 
610 2 0 |a Slovensko 
610 2 0 |a PHARE 
100 1 |a Čalfová, Jana